[Event "Lublin Gerlecka Memorial 3rd"]
[Site "Lublin"]
[Date "2013.08.??"]
[Round "7.3"]
[White "Szczepaniak, Lukasz1111"]
[Black "Praszak, Michal"]
[Result "0-1"]
[WhiteElo "2020"]
[BlackElo "2123"]
[PlyCount "68"]
[EventDate "2013.08.06"]
[EventType "swiss"]
[EventRounds "9"]
[EventCountry "POL"]
[SourceTitle "EXT 2023"]
[Source "ChessBase"]
[SourceDate "2022.10.05"]
[SourceVersion "1"]
[SourceVersionDate "2022.10.05"]
[SourceQuality "1"]

1. e4 c5 2. Nf3 d6 3. d4 cxd4 4. Nxd4 Nf6 5. Nc3 a6 6. Bc4 b5 7. Bb3 Bb7 8. 0-0 Nbd7 9. a4 b4 10. Nd5 e6 11. Re1 Qa5 12. Nxf6+ Nxf6 13. Bxe6 fxe6 14. Nxe6 Kf7 15. Nxf8 Rhxf8 16. Qxd6 Rad8 17. Qf4 Bxe4 18. Bd2 Rfe8 19. f3 Qd5 20. Be3 Bg6 21. Qxb4 Bxc2 22. Qb6 Qd6 23. Qa5 Rd7 24. Bc5 Rxe1+ 25. Rxe1 Qc6 26. Qc3 Bxa4 27. Qe3 Qd5 28. g4 h6 29. h4 Rc7 30. b4 Kg8 31. Qf4 Rf7 32. Bd4 Nh7 33. Qb8+ Nf8 34. Bc5 Qxf3 0-1